Internet ako zbraň

Pokusy o prienik do súkromia na internete. Nárast počtu bezpečnostných dier, ktoré môžu útočníci využívať. Rast objemu cielených útokov. Zneužívanie kapacity dátových centier útočníkmi. Príklad start-upu Shape, ktorý sa snaží otočiť tradičný spôsob vedenia boja v nekonečnom cykle bezpečnostná slabin...

Descripción completa

Guardado en:
Detalles Bibliográficos
Autor principal: Greenberg, Andy
Otros Autores: Upbin, Bruce, Matijek, Peter
Formato: Capítulo de libro
Lenguaje:eslovaco
Materias:
Etiquetas: Agregar Etiqueta
Sin Etiquetas, Sea el primero en etiquetar este registro!

MARC

LEADER 00000naa a2200000 4500
001 0191215
005 20231013091137.2
041 0 |a slo 
044 |a SK 
245 1 0 |a Internet ako zbraň  |c Andy Greenberg, Bruce Upbin, Peter Matijek 
520 |a Pokusy o prienik do súkromia na internete. Nárast počtu bezpečnostných dier, ktoré môžu útočníci využívať. Rast objemu cielených útokov. Zneužívanie kapacity dátových centier útočníkmi. Príklad start-upu Shape, ktorý sa snaží otočiť tradičný spôsob vedenia boja v nekonečnom cykle bezpečnostná slabina - škodlivý kód - antivírus. 
610 2 0 |a internet 
610 2 0 |a bezpečnosť informačná 
610 2 0 |a start-up 
100 1 |a Greenberg, Andy 
700 1 |a Upbin, Bruce 
700 1 |a Matijek, Peter